El patrimonio cultural en México, un recurso estratégico para el desarrollo /

El trabajo se ubica en el campo de la difusión de la cultura, específicamente en el ámbito de la promoción del patrimonio cultural. Se aborda la cuestión del aprovechamiento del patrimonio cultural entendido como un recurso social. Se argumenta que las transformaciones sufridas en las últimas década...

Whakaahuatanga katoa

I tiakina i:
Ngā taipitopito rārangi puna kōrero
Kaituhi matua: Lara González, Carlos Alberto (autor)
Hōputu: Tuhinga whakapae Pukapuka
Reo:Pāniora
Ngā marau:
Ngā Tūtohu: Tāpirihia he Tūtohu
Kāore He Tūtohu, Me noho koe te mea tuatahi ki te tūtohu i tēnei pūkete!

MARC

LEADER 00000nam^a2200000^a^4500
001 000183887
005 20250521000000.0
009 20260310102054.947
037 |a Acervo ITESO - Biblioteca 
041 |a ESP 
090 |a MCD. 27 
100 |a Lara González, Carlos Alberto  |e (autor) 
245 1 4 |a El patrimonio cultural en México, un recurso estratégico para el desarrollo /  |c C.A. Lara González. 
264 |a Guadalajara, México :  |b edición de autor,  |c 2005 
300 |a 1 disco compacto de computadora 
336 |a datos para computadora  |b cod  |2 rdacontenido 
337 |a computadora  |b c  |2 rdamedio 
338 |a disco de computadora  |b cd  |2 rdasoporte 
502 |a ITESO Tesis de Maestría en Comunicación, Especialidad en Difusión de la Ciencia y la Cultura 
520 |a El trabajo se ubica en el campo de la difusión de la cultura, específicamente en el ámbito de la promoción del patrimonio cultural. Se aborda la cuestión del aprovechamiento del patrimonio cultural entendido como un recurso social. Se argumenta que las transformaciones sufridas en las últimas décadas en las disciplinas tradicionales en materia de cultura y de patrimonio, han dado como resultado una tensión entre la explotación y la conservación del patrimonio cultural. 
649 |a XX 
650 |a Patrimonio Artístico -  |z México -  |x Tema Principal 
650 |a Patrimonio Histórico -  |z México -  |x Tema Principal 
650 |a Valoración Patrimonial e Histórica -  |z México 
650 |a Turismo Cultural -  |z México 
650 |a Cultura -  |z México -  |x Difusión -  |x Tema Principal 
650 |a Cultura -  |z México -  |x Aspectos Económicos 
650 |a Cultura -  |z México -  |x Aspectos Jurídicos 
650 |a Cultura -  |z México -  |x Historia 
650 |a Arquitectura Mexicana -  |x Patrocinio 
650 |a Arte Mexicano -  |x Patrocinio 
650 |a Capital Cultural -  |z México 
650 |a Industria Cultural -  |z México 
650 |a Transnacionales -  |z México 
650 |a Globalización 
650 |a Programas Gubernamentales -  |z México 
650 |a Planeación Estratégica -  |z México 
650 |a Desarrollo Económico-Social -  |z México 
650 |a Política Cultural -  |z México 
650 |a Políticas Públicas -  |z México 
650 |a Arte y Sociedad -  |z México 
650 |a Sociología de la Comunicación 
650 |a Sociología de la Cultura 
910 |a Fondo General 
920 |a Electrónicos - Tesis del ITESO en Disco 
905 |a 202 
901 |a 0500124443  |b IT2  |c STS  |u 20250521 
902 |a https://opac.biblio.iteso.mx/vufind/Record/000183887